MDQL
is popping MORE tags! Check the
thread
!
Quizzes
Events
Quiz Creation
Community
Videos
Private Events
Remove Ads
Sign In
Join for FREE
Feedback
Dark Mode
Quiz Categories
Sports
Geography
Music
Movies
Television
Just For Fun
Miscellaneous
History
Literature
Language
Science
Gaming
Entertainment
Religion
Holiday
For Kids
Quiz Lab
Recent
Popular Today
Quiz Kudos Today
Editor Picks
Curator Picks
Quizzes by...
Day
Popularity
Type
Ratings
Length
Year
Community
Subscriptions
Recent Discussions
Orange Saloon
Badges
Playlists
Quests
Create
Leaderboards
Showdown
Live 5
Trivia Bingo
Activity
Puzzle Library
Sporcle Events
Private Events
Virtual Trivia
Globe League
Become a Host
Pub Owners
SporcleCon
Opinionation
Our Games
Videos
Blog
Mobile Apps
Partnerships
Remove Ads and Go Orange
Feedback
Sports
Athletes
MLB
NBA
NHL
NFL
Soccer
Sports Teams
WWE
NCAA
Football
Premier League
Basketball
Baseball
Hockey
Golf
Tennis
Cricket
Rugby
Auto Racing
Olympics
World Cup
Sports
Athletes
MLB
NBA
NHL
NFL
Soccer
Sports Teams
WWE
NCAA
Football
Premier League
Basketball
Baseball
Hockey
Golf
Tennis
Cricket
Rugby
Auto Racing
Olympics
World Cup
Random Quiz
Search Sporcle
×
Quiz Lab
Quiz Lab
Sports
Football
Type in answers that appear in a list
Type in answers that appear in a list
Classic
Best Score? Go Orange.
Top 40 Biggest Football Stadiums In England Stats
Can you name the Top 40 Biggest Football Stadiums In England ?
By
MaxtheSpaniel
8m
40 Questions
388 Plays
388 Plays
388 Plays
Comments
Comments
Give Quiz Kudos
Give Quiz Kudos
-
- Ratings
hide this ad
More Info
Forced Order
Answers have to be entered in order
Answers have to be entered in order
Replay
Link that replays current quiz
Next Quiz
Link to next quiz in quiz playlist
You Got
0%
They Got
Avg Score
22%
Avg Friend Score
Upgrade to see
Score Distribution
Jump to the score distribution portion of the page
Score
0/40
Timer
08:00
0
Plays Today
League
Stadium
% Correct
N/
A
Wembley
97.4%
Premier League
Old Trafford
94.8%
Premier League
Emirates
85.6%
Premier League
St James Park
58%
Premier League
Stamford Bridge
56.4%
Premier League
Anfield
49.5%
Premier League
Stadium Of Light
47.2%
Premier League
CoMS
46.6%
Championship
Elland Road
38.1%
Premier League
Villa Park
35.6%
Premier League
Goodison Park
29.4%
Championship
Hillsborough
28.9%
Premier League
White Hart Lane
24.7%
Premier League
The Boleyn Ground
21.4%
Championship
City Ground
19.6%
Championship
King Power Stadium
17.5%
Premier League
DW Stadium
14.2%
League One
Bramall Lane
13.9%
Championship
KC Stadium
12.9%
Premier League
The Hawthorns
10.6%
League
Stadium
% Correct
Championship
Pride Park
10.3%
Premier League
St Mary's Stadium
9.8%
League Two
Valley Parade
8.8%
Championship
Ewood Park
8.2%
League One
Ricoh Arena
8%
Championship
Riverside Stadium
7.7%
Premier League
Craven Cottage
6.4%
Premier League
Carrow Road
6.2%
Championship
Galpharm Stadium
5.4%
Premier League
Britannia Stadium
4.9%
Championship
The Valley
4.9%
Championship
Selhurst Park
4.9%
Championship
Molineux
4.9%
Championship
Falmer Stadium
4.6%
Championship
Portman Road
4.4%
Premier League
Madejski Stadium
4.1%
Championship
St Andrew's
3.9%
Championship
Reebok Stadium
3.6%
League One
Deepdale
3.4%
Championship
Oakwell
2.6%
Quiz Playlist
Details
Report
Send in Message
Add To Playlist
More Info:
Swansea City and Cardiff City are NOT included. The Darlington Arena is NOT included as it is not currently occupied.
Classic:
Type in answers that appear in a list
Forced Order:
Answers have to be entered in order
Quiz Source
Last Updated: Feb 16, 2017
Quiz Scoreboard
CHALLENGE
Sign Up to Join the Scoreboard
Show All
Scores
Hide
Comments
May contain spoilers
Recently Published
1-10 Letter E Words III
by El_Dandy
Language
2m
Street Fighter Characters
by Artimus82
Gaming
60s
College Basketball Coaching Resumes
by pancakes188
Sports
9m
More to Explore
Quiz From the Vault
Featured Blog Post
Where Did the Easter Bunny Come From?
hide this ad
You Might Also Like...
Tags
Football Quiz
biggest
England
England FIFA
England Football
Football Clubs
Sports Fanbases
Stadiums
Today's Top Quizzes in Sports
Browse Sports
hide this ad
Today's Top Quizzes in Football
Browse Football
Top Contributed Quizzes in Sports
1
2022 World Cup Stars
2
Les meilleurs buteurs des matchs entre le PSG et l’OM
3
FIFA Club World Cup Champions
4
Les entraîneurs de l'OM et du PSG au 21e siècle
5
Criteria MLB: Left Handed Sluggers
6
2023 MLB Unique Player Accomplishments
7
AFC Teams Reveal (Wrong Answers Minefield)
8
Players with Multiple 50 Home Run Seasons
9
5-to-1: FBS Animal Nicknames
10
5-to-1: UK Sports Teams
Explore More
Trending Topics
Crossword
Marvel
Disney
Kpop
NBA
Harry Potter
Anime
NFL
The Office
Soccer
Puzzle
WWE
Song
Country
Pokémon
hide this ad
More By:
MaxtheSpaniel
Quiz
Plays
Rating
Category
Featured
Created
Top 40 Biggest Football Stadiums In England
388
2.00
Sports
Jun 5, 2012
Largest UK Cites
298
3.75
Geography
Jul 14, 2011
Smartest Dog Breeds
75
5.00
Just For Fun
Jul 14, 2011
Go to Creator's Profile
Score Distribution
Quiz Creator Spotlight
MaxtheSpaniel
Follow
Send a Message
Quizzes Created
-
Created Quiz Play Count
-
More By This Creator
Popular Quizzes Today
1
Find the US States - No Outlines Minefield
2
Find the Countries of Europe - No Outlines Minefield
3
The Countries of the World
4
Find the US States
5
Risky Map Clicking: Biggest States A-Z
6
US States
7
Popular People in 1961
8
Movies - When Are They Set?
More Sports Quizzes
Ajax Biggest Transfer Profits
Quiz Lab
Trending Quizzes
Risky Map Clicking: Least Populous States A-Z
Billboard Blitz: Aretha Franklin
Famous Russians: Author or Composer?
Countries of the World: 200 Million BC
1-10 Letter G Words
Recently Updated
Leaping Animals
pecheneg
Reality TV Shows (A-Z)
bhenderson79
Rickey Henderson's Hall of Fame Teammates
pecheneg
Champions League XIs: Arsenal
pecheneg
Quick Pick: Celebrities in WWE's Hall of Fame
aduchscher
A-Z Keypad Blitz II
pecheneg
Multiple Oscar Actors
pecheneg
Mystery Phrase Blitz: Oscar 'Best Actors'
pecheneg
F. Scott Fitzgerald Novels
LTH
Pick 3 Villains
ddd62291
Trending Topics
Kpop
NBA
Harry Potter
Disney
Crossword
Marvel
Anime
Song
Pokémon
The Office
NFL
Soccer
Puzzle
Country
WWE
Your Account Isn't Verified!
In order to create a playlist on Sporcle, you need to verify the email address you used during registration. Go to your
Sporcle Settings
to finish the process.
Report this User
Report this user for behavior that violates our
Community Guidelines
.
Details:
Send Report
Go to the Sporcle.com Mobile Site →
Comments